[Event "Medellin Aristizabal Cup"]
[Site "Medellin"]
[Date "2019.06.24"]
[Round "6"]
[White "Correa, Javier"]
[Black "Areiza Tabares, Samuel Andres"]
[Result "1-0"]
[WhiteElo "1630"]
[BlackElo "1516"]
[PlyCount "21"]
[EventDate "2019.06.21"]
[EventType "swiss"]
[EventRounds "7"]
[EventCountry "COL"]
[SourceTitle "EXT 2020"]
[Source "ChessBase"]
[SourceDate "2019.10.17"]
[SourceVersion "1"]
[SourceVersionDate "2019.10.17"]
[SourceQuality "1"]

1. e4 e5 2. Nf3 Nc6 3. Bc4 Bc5 4. c3 Nf6 5. d3 a6 6. b4 Ba7 7. a4 d6 8. Bg5 h6 9. Bh4 Be6 10. Bd5 g5 11. Bxe6 1-0

[Event "Medellin Aristizabal Cup"]
[Site "Medellin"]
[Date "2019.06.22"]
[Round "3"]
[White "Laverde, Luis Eduardo"]
[Black "Correa, Javier"]
[Result "1-0"]
[WhiteElo "2049"]
[BlackElo "1630"]
[PlyCount "57"]
[EventDate "2019.06.21"]
[EventType "swiss"]
[EventRounds "7"]
[EventCountry "COL"]
[SourceTitle "EXT 2020"]
[Source "ChessBase"]
[SourceDate "2019.10.17"]
[SourceVersion "1"]
[SourceVersionDate "2019.10.17"]
[SourceQuality "1"]

1. e4 e5 2. Nf3 Nc6 3. Bb5 Bc5 4. 0-0 Nge7 5. c3 Bb6 6. d4 exd4 7. cxd4 d5 8. exd5 Nxd5 9. Re1+ Be6 10. Ng5 Qd6 11. Nxe6 fxe6 12. Qg4 Kf7 13. Bxc6 bxc6 14. Nc3 Nf6 15. Qf3 Rad8 16. Ne4 Qd5 17. Ng5+ Kg8 18. Nxe6 Re8 19. Qxd5 cxd5 20. Bf4 Kf7 21. Nxc7 Rc8 22. Nb5 Rc2 23. b3 a6 24. Nd6+ Kg6 25. Be5 Rd8 26. Rec1 Bxd4 27. Bxd4 Rxc1+ 28. Rxc1 Rxd6 29. f3 1-0